| 000 | 00888cad a22002175a 4500 | ||
|---|---|---|---|
| 001 | E152506 | ||
| 008 | 110321s2011 xxk f 000 0 eng d | ||
| 020 | _a9781849170383 | ||
| 035 | _a(Sirsi) u152506 | ||
| 041 | 0 | _aeng | |
| 110 | 2 |
_aHistoric Scotland _92914 |
|
| 245 | 0 | 0 |
_aActing with confidence _bScotland's theatre architecture _h[electronic resource] |
| 260 |
_a[S.l.] _bHistoric Scotland _c2011 |
||
| 520 | _aDiscusses various Scottish theatre buildings and their architects. Highlights features which make them worthy of protection through listing. | ||
| 590 | _aKA | ||
| 651 | 4 |
_aScotland _y1999- |
|
| 690 | _aPROPERTY-COMMERCIAL PROPERTY-LEISURE PROPERTY-ENTERTAINMENT PROPERTY | ||
| 710 | 1 | _aTheatres Trust | |
| 856 | 4 | 0 |
_uhttps://www.historic-scotland.gov.uk/actingwithconfidence.pdf _zView the item free of charge (PDF file) at www.historic-scotland.gov.uk |
| 942 | _n0 | ||
| 999 |
_c112082 _d112082 |
||